Políticas públicas y cambio global: (Registro nro. 20550)
[ vista simple ]
| 000 -CABECERA | |
|---|---|
| Campo de control | 00881nam a22002537a 4500 |
| 005 - FECHA Y HORA DE LA ULTIMA TRANSACCION | |
| Campo de control | 20191105070540.0 |
| 008 - ELEMENTOS DE LONGITUD FIJA—INFORMACION GENERAL | |
| Campo de control | 191105b xxu||||| |||| 00| 0 spa d |
| 020 ## - ISBN | |
| ISBN | 9786124662218 |
| 040 ## - FUENTE DE CATALOGACIÓN | |
| Agencia catalogadora original | CO-BoIAVH |
| Agencia transcriptora | CO-BoIAVH |
| 041 ## - IDIOMA | |
| Código de idioma para texto/pista de sonido o título separado | Español |
| 044 ## - PAÍS DE PUBLICACIÓN | |
| País de publicación | Perú |
| 082 ## - NUMERO DE CLASIFICACION DECIMAL DEWEY | |
| Número de clasificación | 304.25 |
| Número del ítem | P16p |
| 100 ## - ASIENTO PRINCIPAL--NOMBRE PERSONAL | |
| 9 (RLIN) | 101881 |
| Nombre personal | Pajares G., Erick |
| 245 ## - MENCION DE TITULO | |
| Título | Políticas públicas y cambio global: |
| Parte restante del título | Una prospectiva del cambio climático en la Amazonía andina. |
| 250 ## - MENCION DE EDICION | |
| Mención de edición | Primera edición |
| 260 ## - PUBLICACION, DISTRIBUCION, ETC. (PIE DE IMPRENTA) | |
| Lugar de publicación, distribución, etc. | Miraflores, Lima : |
| Nombre del editor, distribuidor, etc. | Oxfam América, |
| Fecha de publicación, distribución, etc. | 2014. |
| 300 ## - DESCRIPCION FISICA | |
| Extensión | 146 Páginas: |
| Otros detalles físicos | fotografías, tablas, gráficos y mapas, |
| Dimensiones | 24 x 15 cm. |
| 650 #0 - ASIENTO SECUNDARIO DE MATERIA - TERMINO TEMATICO | |
| 9 (RLIN) | 10269 |
| Término temático o nombre geográfico como elemento de entrada | Informe de investigación |
| 650 #0 - ASIENTO SECUNDARIO DE MATERIA - TERMINO TEMATICO | |
| 9 (RLIN) | 173 |
| Término temático o nombre geográfico como elemento de entrada | Cambio climático |
| Subdivisión general | Aspectos ambientales |
| 650 #0 - ASIENTO SECUNDARIO DE MATERIA - TERMINO TEMATICO | |
| 9 (RLIN) | 17196 |
| Término temático o nombre geográfico como elemento de entrada | Políticas públicas |
| 650 #0 - ASIENTO SECUNDARIO DE MATERIA - TERMINO TEMATICO | |
| 9 (RLIN) | 5244 |
| Término temático o nombre geográfico como elemento de entrada | Comunidades |
| 651 #0 - ASIENTO SECUNDARIO DE MATERIA - NOMBRE GEOGRAFICO | |
| 9 (RLIN) | 40003 |
| Nombre geográfico | Amazonía baja (Región, Perú) |
| 942 ## - ELEMENTOS ADICIONALES (KOHA) | |
| Sistema de clasificación | Dewey Decimal Classification |
| Tipo de ítem | Libro |
No hay ítems disponibles.